000
00487nam a2200145Ia 4500
008
100204s9999 xx 000 0 und d
082
_b
9546
100
_a
कुलकर्णी दत्ता केशव
245
_a
आभाळ फाटले पण
260
_b
"मधुर पब्लिकेशन , पुणे 2"
_c
1987
300
_a
220
630
_a
आभाळ फाटले पण
730
_a
आभाळ फाटले पण
942
_c
BOOK
999
_c
453982
_d
453979